Associez les îles à leur pays - Statistiques

Statistiques générales
  • Ce quiz a été pris 83 fois
    74 depuis la dernière actualisation
  • Le résultat moyen est 15 sur 20
Statistiques - réponses
Iles Pays % Correct
Tenerife Espagne
100%
Sardaigne Italie
96%
Tasmanie Australie
94%
Hawaï Etats-Unis
94%
Basse Terre France
93%
Shikoku Japon
92%
Iles Malouines Royaume-Uni
92%
Ile de Java Indonésie
90%
Ile-du-Prince-Edouard Canada
81%
Ile de Pâques Chili
81%
Gotland Suède
81%
Djerba Tunisie
75%
Bornholm Danemark
72%
Iles Andaman Inde
72%
Isla María Madre Mexique
69%
Jeju Corée du Sud
63%
Kos Grèce
58%
Ile Kotelny Russie
58%
Socotra Yemen
35%
Unguja Tanzanie
17%
Aucun quiz correspondant
Distribution des résultats
% des personnes avec chaque résultat
Percentile par nombre de réponses
Votre historique - résultats
Vous n’avez pas pris ce quiz depuis la dernière actualisation